LEADER 00957nam0-22003251i-450- 001 990007846420403321 005 20031222104745.0 010 $a2-86537-530-7 035 $a000784642 035 $aFED01000784642 035 $a(Aleph)000784642FED01 035 $a000784642 100 $a20031222d1995----km-y0itay50------ba 101 1 $afre$aeng 102 $aFR 200 1 $aEntreprises et entrepreneurs africains$fsous la direction de Stephen Ellis et Yves-A. Faure 210 $aParis$cKarthala Orstom$d©1995 215 $a632 p.$d25 cm 225 1 $aHommes et sociétés 610 0 $aAfrica sud-sahariana$aIndustrializzazione$a1980-1992 676 $a338.7096 702 1$aEllis,$bStephen 702 1$aFaure,$bYves-A. 801 0$aIT$bUNINA$gRICA$2UNIMARC 901 $aBK 912 $a990007846420403321 952 $aXIV E 4149$b38918$fFSPBC 959 $aFSPBC 996 $aEntreprises et entrepreneurs africains$9671635 997 $aUNINA LEADER 02451 am 22005533u 450 001 9910146163803321 005 20230607220734.0 035 $a(CKB)1000000000280034 035 $a(SSID)ssj0000986150 035 $a(PQKBManifestationID)11985383 035 $a(PQKBTitleCode)TC0000986150 035 $a(PQKBWorkID)10934137 035 $a(PQKB)11739498 035 $a(WaSeSS)Ind00073814 035 $a(oapen)https://directory.doabooks.org/handle/20.500.12854/28880 035 $a(EXLCZ)991000000000280034 100 $a20160829d2001 uy 0 101 0 $aita 135 $aur||#|||||||| 181 $ctxt$2rdacontent 182 $cc$2rdamedia 183 $acr$2rdacarrier 200 13$aLa valorizzazione economica del patrimonio artistico delle città d'arte $eil restauro artistico a Firenze /$fLuciana Lazzeretti e Tommaso Cinti 210 $cFirenze University Press$d2001 210 31$aFirenze :$cFirenze University Press,$d2001 215 $a1 online resource (191 pages) $cdigital, PDF file(s) 311 08$aPrint version: 9788884530134 320 $aIncludes bibliographical references. 330 $aThis book addresses the issue of the potential economic significance of the artistic heritage in an art city ? more specifically Florence ? taking as a concrete example for the purpose of scientific research the figure of the ?artistic restorer? in the dual garb of economic agent and environmental and cultural resource for the city. The empirical study of the private firms working in this sector located in the Florence area is accompanied and introduced by a broad analysis of the policies for protection and enhancement of the cultural assets, and of the economic, non-economic and institutional agents involved in the same. 606 $aVisual Arts 606 $aArt$xconservation and restoration 610 $aeconomy 610 $apatrimonio artistico 610 $aartistic and cultural heritage 610 $abeni culturali 610 $aflorence 610 $afirenze 610 $aeconomia 615 0$aVisual Arts 615 0$aArt$xconservation and restoration 676 $a363.690945511 700 $aLazzeretti$b Luciana$0286113 702 $aCinti$b Tommaso 801 0$bPQKB 801 2$bUkMaJRU 906 $aBOOK 912 $a9910146163803321 996 $aLa valorizzazione economica del patrimonio artistico delle città d'arte$92057475 997 $aUNINA LEADER 01408nam 2200457 450 001 9910815623003321 005 20231110220715.0 010 $a2-8062-5154-0 035 $a(CKB)3790000000017718 035 $a(EBL)2072617 035 $a(OCoLC)912233256 035 $a(MiAaPQ)EBC2072617 035 $a(Au-PeEL)EBL2072617 035 $a(PPN)248804111 035 $a(EXLCZ)993790000000017718 100 $a20220517d2011 uy 0 101 0 $afre 135 $aur|n|---||||| 181 $ctxt$2rdacontent 182 $cc$2rdamedia 183 $acr$2rdacarrier 200 10$aEt ApreS ... de Guillaume Musso (Analyse de L'oeuvre) $eAnalyse Complete et Resume detaille de L'oeuvre /$fFlorence Meuree, Noemie Lohay 210 1$aCork, Ireland :$cLemaitre Publishing,$d[2011] 210 4$d©2011 215 $a1 online resource (23 p.) 225 1 $aFiche de Lecture 300 $aDescription based upon print version of record. 311 $a2-8062-5198-2 410 0$aFiche de Lecture 606 $aDeath$xPsychological aspects 615 0$aDeath$xPsychological aspects. 676 $a155.937 700 $aMeure?e$b Florence$0852751 702 $aLohay$b Noemie 801 0$bMiAaPQ 801 1$bMiAaPQ 801 2$bMiAaPQ 906 $aBOOK 912 $a9910815623003321 996 $aEt ApreS ... de Guillaume Musso (Analyse de L'oeuvre)$94028633 997 $aUNINA